000 00700nam a2200229 i 4500
001 181499
003 ES-MaACL
005 20240314063031.0
008 130123s2011 sp | |||||||| | spa d
020 _a978-84-322-0934-5
080 _a821.134.2-31"19"
100 1 _aSuárez, Gonzalo,
_d1934-
_9108561
245 1 3 _aEl síndrome de albatros /
_cGonzalo Suárez.
250 _a1ª ed.
260 _aBarcelona :
_bSeix Barral,
_c2011.
300 _a238 p. ;
_c23 cm.
490 1 _aBiblioteca breve
830 0 _aBiblioteca breve (Seix Barral)
_9227188
852 _aES-MaACL
_jA-12569
_9188400
_bR.148351
_cDEPO1
_dOlim: N-5572
942 _2udc
_cMONOGRAFIA
999 _c181499
_d181499